[Event "Tata Steel 2013"]
[Site "Wijk aan Zee"]
[Date "23.01.2013"]
[Round "10"]
[White "Van Wely,L"]
[Black "Giri,A"]
[Result "1/2-1/2"]
[WhiteElo "2679"]
[BlackElo "2720"]
[EventDate "2013.01.12"]

1. d4 d5 2. c4 c6 3. Nf3 Nf6 4. Qc2 g6 5. Bf4 Bg7 6. e3 O-O 7. Nc3 c5 8.
dxc5 Qa5 9. Rc1 Nc6 10. Qd2 dxc4 11. Bxc4 Qxc5 12. Qe2 Na5 13. Bd3 Nd5 14.
O-O Nxc3 15. bxc3 Bd7 16. Bg3 Rac8 17. Nd4 Ba4 18. Qb2 Rfd8 19. Be2 h5 20.
Qb4 Bxd4 21. Qxa4 Bxc3 22. Rfd1 Rxd1+ 23. Qxd1 b5 24. Qd7 b4 25. h4 Rf8 26.
Bf4 Nc6 27. Qc7 Qb6 28. Qxb6 axb6 29. Bc7 Ra8 30. Bf3 Ra7 31. Bxb6 Ra6 32.
Bxc6 Rxb6 33. Bd5 e6 34. Bb3 Rc6 35. g3 1/2-1/2

[Event "Tata Steel 2013"]
[Site "Wijk aan Zee"]
[Date "23.01.2013"]
[Round "10"]
[White "Anand,V"]
[Black "Karjakin,Sergey"]
[Result "1/2-1/2"]
[WhiteElo "2772"]
[BlackElo "2780"]
[EventDate "2013.01.12"]

1. d4 Nf6 2. c4 e6 3. Nf3 b6 4. a3 Bb7 5. Nc3 d5 6. Bg5 Be7 7. Qa4+ Qd7 8.
Qc2 dxc4 9. e3 Nd5 10. Ne5 Qd8 11. Bxe7 Qxe7 12. Bxc4 Nxc3 13. Qxc3 O-O 14.
O-O Nd7 15. Nxd7 Qxd7 16. Rfd1 Rfd8 17. Be2 a5 18. f3 Qe7 19. Rac1 Rac8 20.
Qb3 Rd6 21. Rc3 Rc6 22. Bc4 h6 23. Rdc1 Rd8 24. Qc2 Kh8 25. Qf2 Kg8 26. Qg3
Kf8 27. h3 Qd6 28. Qh4 Qe7 29. Qg3 Qd6 30. Qf2 Kg8 31. Qh4 Kf8 32. b4 axb4
33. axb4 Qd7 34. b5 Rd6 35. Bf1 Rc8 36. Qf2 Qe7 37. Qa2 Rd7 38. Qa7 Ba8 39.
Qa6 Rdd8 40. Kh1 g6 41. Qa7 Rd7 42. Qa1 Kg8 43. Ra3 Bb7 44. Ra7 c6 45. Rc3
Qd8 46. bxc6 1/2-1/2

[Event "Tata Steel 2013"]
[Site "Wijk aan Zee"]
[Date "25.01.2013"]
[Round "11"]
[White "Leko,P"]
[Black "Van Wely,L"]
[Result "1-0"]
[WhiteElo "2735"]
[BlackElo "2679"]
[EventDate "2013.01.12"]

1. e4 c5 2. Nf3 d6 3. d4 cxd4 4. Nxd4 Nf6 5. Nc3 g6 6. Be3 Bg7 7. f3 Nc6 8.
Qd2 O-O 9. O-O-O d5 10. exd5 Nxd5 11. Nxc6 bxc6 12. Bd4 Bxd4 13. Qxd4 Qb6
14. Na4 Qc7 15. Bc4 Rd8 16. Bb3 Be6 17. Nc5 Nf4 18. Nxe6 Nxe6 19. Qe3 Nf4
20. g3 Nd5 21. Qg5 e6 22. Rhe1 a5 23. a4 Rab8 24. Qe5 Qxe5 25. Rxe5 Rb4 26.
Re4 Rdb8 27. Rdd4 R4b6 28. Rc4 Kf8 29. Rc5 Ra8 30. Re5 h5 31. h4 Kg7 32.
Bc4 Kf6 33. f4 Ra7 34. b3 Ra8 35. Kb2 Ra7 36. Ka3 Ra8 37. Kb2 Ra7 38. c3
Ra8 39. Kc2 Ra7 40. Kb2 Ra8 41. Bxd5 cxd5 42. c4 dxc4 43. Rxc4 Ra7 44. Rb5
Rba6 45. Rcc5 Ke7 46. Kc3 Kd6 47. Kd4 f6 48. Rb8 Rc7 49. Rxc7 Kxc7 50. Rg8
Rd6+ 51. Ke4 Rb6 52. Rxg6 Rxb3 53. Rxf6 Kd7 54. Rg6 Ke7 55. Rg5 Kf6 56.
Rxa5 Rxg3 57. Rxh5 Ra3 58. a5 Ra4+ 59. Kf3 Ra1 60. Rg5 Rf1+ 61. Kg3 Rg1+
62. Kf2 Ra1 63. h5 Ra3 64. Kg2 Ra2+ 65. Kg3 Ra1 66. h6 Rh1 67. a6 Rxh6 68.
a7 Rh8 69. Ra5 Ra8 70. Kf3 1-0

[Event "Tata Steel 2013"]
[Site "Wijk aan Zee"]
[Date "25.01.2013"]
[Round "11"]
[White "Karjakin,Sergey"]
[Black "Sokolov,Ivan"]
[Result "1-0"]
[WhiteElo "2780"]
[BlackElo "2663"]
[EventDate "2013.01.12"]

1. e4 e5 2. Nf3 Nc6 3. Bb5 a6 4. Ba4 Nf6 5. O-O b5 6. Bb3 Bb7 7. d3 Bc5 8.
Nc3 d6 9. a3 h6 10. Be3 O-O 11. Ba2 Rb8 12. Ne2 Bc8 13. Ng3 Bb6 14. c3 Re8
15. d4 Bg4 16. Qd3 Bxf3 17. gxf3 Ne7 18. Kh1 Qd7 19. f4 Qh3 20. f3 exf4 21.
Bxf4 Ng6 22. Be3 c5 23. Rf2 Nh5 24. Rg1 c4 25. Qd2 Bd8 26. Nxh5 Qxh5 27.
Bb1 Bh4 28. Rff1 d5 29. e5 Rb6 30. f4 f5 31. Qg2 Rd8 32. Bc2 1-0

[Event "Tata Steel 2013"]
[Site "Wijk aan Zee"]
[Date "25.01.2013"]
[Round "11"]
[White "Giri,A"]
[Black "Caruana,F"]
[Result "1-0"]
[WhiteElo "2720"]
[BlackElo "2781"]
[EventDate "2013.01.12"]

1. d4 d5 2. c4 e6 3. Nf3 c6 4. Nc3 dxc4 5. a4 Bb4 6. g3 Nf6 7. Bg2 Nbd7 8.
O-O O-O 9. Qc2 Qa5 10. Na2 Bd6 11. Qxc4 Nb6 12. Qc2 Qxa4 13. b3 Qa5 14. Ne5
Nbd7 15. Nc4 Qc7 16. Nxd6 Qxd6 17. Rd1 e5 18. Nc3 exd4 19. Ba3 c5 20. e3 d3
21. Rxd3 Qb8 22. Nd5 Nxd5 23. Rxd5 b6 24. Bb2 a5 25. Ra4 Re8 26. Rg5 g6 27.
Bd5 Kf8 28. Rf4 1-0

[Event "Tata Steel 2013"]
[Site "Wijk aan Zee"]
[Date "25.01.2013"]
[Round "11"]
[White "L'Ami,E"]
[Black "Harikrishna,P"]
[Result "1/2-1/2"]
[WhiteElo "2627"]
[BlackElo "2698"]
[EventDate "2013.01.12"]

1. Nf3 Nf6 2. c4 e6 3. d4 b6 4. Nc3 Bb7 5. a3 d5 6. cxd5 Nxd5 7. Qc2 Nd7 8.
e4 Nxc3 9. bxc3 c5 10. Bd3 Qc7 11. Qb1 g6 12. O-O Bg7 13. a4 O-O 14. a5
bxa5 15. Qb5 Rfc8 16. Bd2 a4 17. Qxa4 a5 18. Rab1 Bc6 19. Qa3 a4 20. h3
Rcb8 21. Rxb8+ Rxb8 22. Rb1 Rxb1+ 23. Bxb1 Qb7 24. Bc2 Nb6 25. Qb2 cxd4 26.
cxd4 Qa6 27. Bc1 Qb5 28. Ne5 Qxb2 29. Bxb2 Bb5 30. f3 Bf8 31. Kf2 f6 32.
Ng4 Kf7 33. Ne3 Bb4 34. Bb1 Nc4 35. Nxc4 Bxc4 36. Ke3 a3 37. Ba1 Bd6 38.
Bd3 Bb3 39. Kd2 Bb4+ 40. Ke3 Bf8 41. Kd2 Bb4+ 42. Ke3 a2 43. Bb5 Bc2 44.
Bc4 Bb1 45. e5 fxe5 46. dxe5 g5 47. f4 gxf4+ 48. Kxf4 Bd2+ 49. Kf3 Ke7 50.
h4 Be1 51. h5 Bd2 52. g4 Kd7 53. Bb3 Ke7 54. Bc4 Kd7 1/2-1/2

[Event "Tata Steel 2013"]
[Site "Wijk aan Zee"]
[Date "26.01.2013"]
[Round "12"]
[White "Sokolov,Ivan"]
[Black "Hou,Yifan"]
[Result "0-1"]
[WhiteElo "2663"]
[BlackElo "2603"]
[EventDate "2013.01.12"]

1. d4 e6 2. c4 Nf6 3. Nf3 d5 4. Nc3 Bb4 5. Bg5 h6 6. Bh4 dxc4 7. a3 Bxc3+
8. bxc3 c5 9. Bxf6 Qxf6 10. e3 Nc6 11. Bxc4 O-O 12. Bb5 Bd7 13. O-O Rfd8
14. a4 Qe7 15. Qb1 Rab8 16. Qe4 cxd4 17. exd4 Qf6 18. Bd3 g6 19. Rfe1 Ne7
20. c4 Nf5 21. d5 exd5 22. cxd5 Re8 23. Ne5 Qd6 24. f4 f6 25. Kh1 h5 26.
Qe2 Rbd8 27. Bc4 Re7 28. Qb2 Rde8 29. Nf3 Rxe1+ 30. Nxe1 Qxf4 31. Bd3 Qe3
32. h3 Ng3+ 33. Kh2 Qf4 34. Kg1 h4 35. Qf2 Qxf2+ 36. Kxf2 Ne4+ 37. Kg1 g5
38. a5 Nd6 39. Nf3 Rc8 40. a6 b6 41. Re1 Kf7 42. Rf1 Ke7 43. Re1+ Kd8 44.
Bh7 Rc4 45. Bg8 Ra4 46. Be6 Rxa6 47. Nh2 b5 48. Ng4 Ne8 49. Nh6 Bxe6 50.
dxe6 Ng7 51. e7+ Ke8 52. Ng8 f5 0-1

[Event "Tata Steel 2013"]
[Site "Wijk aan Zee"]
[Date "26.01.2013"]
[Round "12"]
[White "Aronian,L"]
[Black "Giri,A"]
[Result "1/2-1/2"]
[WhiteElo "2802"]
[BlackElo "2720"]
[EventDate "2013.01.12"]

1. d4 Nf6 2. c4 g6 3. Nf3 Bg7 4. g3 c5 5. Bg2 cxd4 6. Nxd4 O-O 7. Nc2 Nc6
8. Nc3 d6 9. O-O Be6 10. b3 Qd7 11. Nd5 Bh3 12. Bxh3 Qxh3 13. Nf4 Qd7 14.
Bb2 Rfd8 15. Rc1 e6 16. Qe1 Ne7 17. Ne3 b5 18. Qa5 a6 19. Rfd1 Nc6 20. Qe1
Qb7 21. Nd3 Rac8 22. cxb5 axb5 23. Nc2 Ne7 24. Ncb4 Ne4 25. Bxg7 Kxg7 26.
f3 Nf6 27. Qf2 e5 28. e4 d5 29. Rxc8 Rxc8 30. Nxe5 dxe4 31. Ng4 Neg8 32.
Nxf6 Nxf6 33. fxe4 Qxe4 34. Rf1 1/2-1/2

[Event "Tata Steel 2013"]
[Site "Wijk aan Zee"]
[Date "26.01.2013"]
[Round "12"]
[White "Leko,P"]
[Black "Karjakin,Sergey"]
[Result "1/2-1/2"]
[WhiteElo "2735"]
[BlackElo "2780"]
[EventDate "2013.01.12"]

1. d4 Nf6 2. c4 e6 3. g3 d5 4. Nf3 Be7 5. Bg2 O-O 6. O-O dxc4 7. Qc2 a6 8.
Qxc4 b5 9. Qc2 Bb7 10. Bd2 Bd6 11. a3 Nbd7 12. b4 Nb6 13. Nc3 Nbd5 14. Na2
Nb6 15. Nc3 Nbd5 16. Nxd5 Nxd5 17. Qe4 h6 18. Ne5 Rb8 19. Qc2 Bxe5 20. dxe5
Qe7 21. e4 Nb6 22. Be3 Rfd8 23. Rfd1 Nc4 24. Bc5 Qe8 25. Qc3 Rxd1+ 26. Rxd1
Rd8 27. Rd4 Rxd4 28. Qxd4 Nxa3 29. Bf1 Nc4 30. f3 Qa8 31. Bxc4 bxc4 32.
Qxc4 a5 33. bxa5 Qxa5 34. Qc1 Qb5 35. g4 Qe2 36. Qe3 Qc2 37. Qf2 Qc3 38.
Bd4 Qd3 1/2-1/2

[Event "Tata Steel 2013"]
[Site "Wijk aan Zee"]
[Date "26.01.2013"]
[Round "12"]
[White "Van Wely,L"]
[Black "Caruana,F"]
[Result "1-0"]
[WhiteElo "2679"]
[BlackElo "2781"]
[EventDate "2013.01.12"]

1. d4 d5 2. c4 c6 3. Nf3 Nf6 4. e3 Bg4 5. h3 Bh5 6. Nc3 e6 7. g4 Bg6 8. Ne5
dxc4 9. Bxc4 Nbd7 10. Nxg6 hxg6 11. Bd2 Nd5 12. Qb3 Qc7 13. Rc1 Nxc3 14.
bxc3 Be7 15. Kf1 Rd8 16. Rc2 a6 17. a4 Nf6 18. Kg2 c5 19. Be2 Rd7 20. Bf3
O-O 21. Rb1 Rb8 22. Rcb2 Nd5 23. a5 cxd4 24. cxd4 Qd8 25. Qd3 Bd6 26. Qe2
Qe7 27. Be4 Rc8 28. Qf3 Bb8 29. Bxd5 exd5 30. Bb4 Qd8 31. Bc5 Qxa5 32. Rxb7
Qd8 33. Qe2 Rxb7 34. Rxb7 Rc6 35. Qb2 Bd6 36. Qb4 Bxc5 37. dxc5 Rc8 38. Ra7
Qf6 39. Qb7 Qe6 40. Rxa6 Qe4+ 41. Kh2 Qe5+ 42. Kg1 Rxc5 43. Ra8+ Kh7 44.
Qxf7 Rc1+ 45. Kg2 Qe4+ 46. f3 Rc2+ 47. Kg3 Qe5+ 48. f4 Qxe3+ 49. Kh4 g5+
50. Kxg5 1-0

[Event "Tata Steel 2013"]
[Site "Wijk aan Zee"]
[Date "27.01.2013"]
[Round "13"]
[White "Karjakin,Sergey"]
[Black "Van Wely,L"]
[Result "1-0"]
[WhiteElo "2780"]
[BlackElo "2679"]
[EventDate "2013.01.12"]

1. e4 c5 2. Nf3 d6 3. d4 cxd4 4. Nxd4 Nf6 5. Nc3 g6 6. Be3 Bg7 7. f3 Nc6 8.
Qd2 O-O 9. O-O-O d5 10. exd5 Nxd5 11. Nxc6 bxc6 12. Bd4 Bxd4 13. Qxd4 Qb6
14. Na4 Qc7 15. Bc4 Rd8 16. Nc5 Bf5 17. Bb3 h5 18. g4 e5 19. Qg1 Nf4 20.
Re1 hxg4 21. fxg4 Bc8 22. Qg3 a5 23. Qh4 a4 24. Bxf7+ Kg7 25. Ne4 1-0

[Event "Tata Steel 2013 - B"]
[Site "Wijk aan Zee"]
[Date "12.01.2013"]
[Round "1B"]
[White "Rapport,R"]
[Black "Van Kampen,R"]
[Result "1/2-1/2"]
[WhiteElo "2621"]
[BlackElo "2581"]
[EventDate "2013.01.12"]

1. c4 g6 2. Nc3 c5 3. g3 Bg7 4. Bg2 Nc6 5. d3 d6 6. f4 Nf6 7. Nf3 O-O 8.
O-O d5 9. cxd5 Nxd5 10. Bd2 e6 11. Rc1 b6 12. a3 a5 13. Na4 Rb8 14. Kh1 Bb7
15. g4 Nde7 16. Be1 Nd4 17. e4 Nxf3 18. Rxf3 f5 19. Bh4 Rf7 20. Qe2 Qc7 21.
gxf5 gxf5 22. Bxe7 Rxe7 23. Rh3 Qxf4 24. Rf1 Qg4 25. Rff3 Bc6 26. Nc3 f4
27. Rxh7 Rf8 28. Rhh3 Rf6 29. Qf2 Qg5 1/2-1/2

[Event "Tata Steel 2013 - B"]
[Site "Wijk aan Zee"]
[Date "12.01.2013"]
[Round "1B"]
[White "Movsesian,S"]
[Black "Naiditsch,A"]
[Result "1/2-1/2"]
[WhiteElo "2688"]
[BlackElo "2708"]
[EventDate "2013.01.12"]

1. c4 Nf6 2. Nc3 e6 3. e4 d5 4. e5 d4 5. exf6 dxc3 6. bxc3 Qxf6 7. Nf3 e5
8. Bd3 Bg4 9. Be4 Nd7 10. Bxb7 Rb8 11. Bd5 c6 12. Be4 Nc5 13. Qe2 Nxe4 14.
Qxe4 Bxf3 15. Qxf3 Qxf3 16. gxf3 Kd7 17. Ke2 Bd6 18. Rd1 Rhe8 19. d3 f5 20.
h3 f4 21. Kf1 g5 22. d4 exd4 23. cxd4 Rb4 24. c5 Bf8 25. Ba3 Ra4 26. Rd3
Bg7 27. Rb1 Ke6 28. Rb7 Rxd4 29. Rdb3 Rd1+ 30. Ke2 Red8 31. Bb4 R8d7 32.
Bc3 Bf8 33. R7b4 Bxc5 34. Rc4 R1d5 35. Rb8 Kf5 36. Re8 Bd4 37. Rf8+ Ke5 38.
Re8+ Kf5 39. Rf8+ Ke5 40. Rxc6 Bxc3 41. Re8+ Kf5 42. Rf8+ Ke5 43. Re8+ Kf5
44. Rf8+ 1/2-1/2

[Event "Tata Steel 2013 - B"]
[Site "Wijk aan Zee"]
[Date "12.01.2013"]
[Round "1B"]
[White "Turov,M"]
[Black "Grandelius,N"]
[Result "1/2-1/2"]
[WhiteElo "2630"]
[BlackElo "2572"]
[EventDate "2013.01.12"]

1. d4 Nf6 2. Bg5 e6 3. Nd2 c5 4. e3 Nc6 5. c3 b6 6. Bd3 Bb7 7. Ngf3 cxd4 8.
exd4 Be7 9. O-O O-O 10. Nc4 d6 11. Ne3 Nd5 12. Nxd5 Bxg5 13. Nxg5 Qxg5 14.
Ne3 Ne7 15. f4 Qh4 16. Qd2 Nd5 17. Nxd5 Bxd5 18. f5 Rae8 19. fxe6 Rxe6 20.
Rf5 Be4 21. Rf4 Qh6 22. Bxe4 Rxe4 23. Raf1 Rxf4 24. Qxf4 Qe6 25. a4 h6 26.
Qf5 Qe2 27. Qb5 Qe3+ 28. Kh1 Re8 29. h3 Re7 30. Qf5 1/2-1/2

[Event "Tata Steel 2013 - B"]
[Site "Wijk aan Zee"]
[Date "12.01.2013"]
[Round "1B"]
[White "Dubov,Danii"]
[Black "Smeets,J"]
[Result "1/2-1/2"]
[WhiteElo "2600"]
[BlackElo "2615"]
[EventDate "2013.01.12"]

1. d4 d5 2. c4 c6 3. Nf3 e6 4. e3 Nf6 5. Bd3 Nbd7 6. O-O Bd6 7. Nc3 dxc4 8.
Bxc4 b5 9. Bd3 O-O 10. e4 e5 11. Bg5 Re8 12. d5 cxd5 13. Bxb5 d4 14. Nd5
Be7 15. Bxf6 Bxf6 16. Rc1 Rb8 17. Qa4 Rb7 18. Rc4 Rf8 19. Rfc1 Nb6 20. Nxb6
Qxb6 21. Rxc8 Qxb5 22. Rxf8+ Kxf8 23. Rc8+ Ke7 24. Qc2 Rd7 25. g4 h6 26.
Kg2 Rd8 27. Rc5 Qa6 28. Nxe5 Bxe5 29. Rxe5+ Kf8 30. Qc5+ Kg8 31. Rd5 Re8
32. Qxd4 Qxa2 33. Rd7 Qe6 34. f3 a5 35. Kg3 Kh7 36. Qd5 Qxd5 37. Rxd5 Rb8
38. Rxa5 Rxb2 39. Ra7 Kg8 40. Ra8+ Kh7 41. Ra7 Kg8 42. Ra6 Kh7 43. Ra5 g5
44. h4 Kg6 45. Ra8 Kg7 46. Ra6 Rc2 47. Ra1 Rb2 48. Rf1 Re2 49. h5 Kf6 50.
Rd1 Kg7 51. Rf1 Kf6 52. Rf2 Re1 53. Rd2 Re3 54. Rd6+ Kg7 55. Kf2 Ra3 56.
Ke2 Ra2+ 57. Ke3 Ra3+ 58. Rd3 Ra4 59. Rc3 Kf6 60. Kd3 Kg7 61. e5 Ra5 62.
Kd4 Ra4+ 63. Rc4 Ra1 64. e6 Re1 65. exf7 Re7 66. f8=Q+ Kxf8 67. Rc6 Kg7 68.
Rg6+ Kh7 69. Rd6 Rf7 70. Ke4 Rf4+ 1/2-1/2

[Event "Tata Steel 2013 - B"]
[Site "Wijk aan Zee"]
[Date "13.01.2013"]
[Round "2B"]
[White "Ipatov,Alexander"]
[Black "Turov,M"]
[Result "1/2-1/2"]
[WhiteElo "2587"]
[BlackElo "2630"]
[EventDate "2013.01.12"]

1. d4 Nf6 2. c4 e6 3. Nc3 Bb4 4. Nf3 c5 5. g3 Ne4 6. Qc2 Qa5 7. Qxe4 Bxc3+
8. Bd2 Bxd2+ 9. Nxd2 Nc6 10. dxc5 Qxc5 11. Bg2 O-O 12. a3 a5 13. O-O a4 14.
b4 axb3 15. Nxb3 Qe7 16. c5 Na5 17. Nxa5 Rxa5 18. Qb4 Rxc5 19. Bxb7 d6 20.
Bf3 Qc7 21. a4 Ba6 22. Rfb1 d5 23. a5 g6 24. Qb6 Ra8 25. Qxc7 Rxc7 26. Rc1
Bc4 27. e4 Rca7 28. exd5 exd5 29. Rxc4 dxc4 30. Bxa8 Rxa8 31. Kf1 c3 32.
Ke2 Rd8 33. Rd1 Rc8 34. Ra1 Rd8 35. a6 c2 36. a7 Kg7 37. Rc1 Ra8 1/2-1/2

[Event "Tata Steel 2013 - B"]
[Site "Wijk aan Zee"]
[Date "13.01.2013"]
[Round "2B"]
[White "Grandelius,N"]
[Black "Dubov,Danii"]
[Result "1/2-1/2"]
[WhiteElo "2572"]
[BlackElo "2600"]
[EventDate "2013.01.12"]

1. e4 c5 2. Nf3 d6 3. d4 cxd4 4. Nxd4 Nf6 5. Nc3 Nc6 6. Bg5 e6 7. Qd2 a6 8.
O-O-O Bd7 9. f4 b5 10. Bxf6 gxf6 11. Kb1 Qb6 12. Nxc6 Bxc6 13. f5 Qc5 14.
Bd3 b4 15. Ne2 e5 16. c3 a5 17. Rc1 b3 18. axb3 h5 19. Qc2 Bh6 20. Rcd1 h4
21. b4 axb4 22. cxb4 Qb6 23. b5 Bxb5 24. Bxb5+ Qxb5 25. Qd3 Qa5 26. Qxd6
Qa1+ 27. Kc2 Qa4+ 28. Kb1 Qa2+ 29. Kc2 Qa4+ 30. Kb1 Qa2+ 31. Kc2 1/2-1/2

[Event "Tata Steel 2013 - B"]
[Site "Wijk aan Zee"]
[Date "13.01.2013"]
[Round "2B"]
[White "Van Kampen,R"]
[Black "Smeets,J"]
[Result "1/2-1/2"]
[WhiteElo "2581"]
[BlackElo "2615"]
[EventDate "2013.01.12"]

1. e4 e5 2. Nf3 Nc6 3. Bb5 Nf6 4. O-O Nxe4 5. Re1 Nd6 6. Nxe5 Be7 7. Bf1
Nxe5 8. Rxe5 O-O 9. d4 Bf6 10. Re1 Nf5 11. d5 d6 12. Nd2 Bg5 13. c3 Ne7 14.
Qb3 Ng6 15. Nf3 Bf6 16. Be3 Ne5 17. Be2 Nxf3+ 18. Bxf3 Be5 19. Bd4 f6 20.
g3 g5 21. Be4 Kh8 22. Re2 b6 23. Rae1 Bh3 24. f3 Bd7 25. Bd3 a5 26. Qc2 Rf7
27. Kh1 Qg8 28. Bf5 Qc8 29. Bxd7 Qxd7 1/2-1/2

[Event "Tata Steel 2013 - B"]
[Site "Wijk aan Zee"]
[Date "13.01.2013"]
[Round "2B"]
[White "Rapport,R"]
[Black "Edouard,R"]
[Result "1-0"]
[WhiteElo "2621"]
[BlackElo "2686"]
[EventDate "2013.01.12"]

1. d4 d5 2. c4 dxc4 3. e3 Nf6 4. Bxc4 e6 5. Nf3 a6 6. Qe2 c5 7. dxc5 Bxc5
8. O-O b5 9. Bd3 Nc6 10. a3 O-O 11. b4 Bd6 12. Bb2 Bb7 13. Nbd2 Qe7 14.
Rac1 Rfd8 15. Rfd1 h6 16. h3 Rac8 17. Bb1 Nd7 18. Ne4 Bb8 19. Rxd7 Rxd7 20.
Nc5 Nd8 21. Nxd7 Rxc1+ 22. Bxc1 Qxd7 23. Bb2 Qc7 24. Qd3 f5 25. Ba2 Be4 26.
Qd2 Kh7 27. Be5 Qc8 28. Bxb8 Qxb8 29. Nd4 Qe5 30. Qc1 Bd5 31. Bxd5 Qxd5 32.
Qc7 Nb7 33. h4 Nd6 34. Qe7 f4 35. Nxe6 Nf5 36. Qf7 Qd1+ 37. Kh2 Qg4 38.
Nf8+ Kh8 39. Ng6+ Kh7 40. Nf8+ Kh8 41. Qg6 Nxe3 42. Qh7+ 1-0

[Event "Tata Steel 2013 - B"]
[Site "Wijk aan Zee"]
[Date "13.01.2013"]
[Round "2B"]
[White "Timman,J"]
[Black "Movsesian,S"]
[Result "1/2-1/2"]
[WhiteElo "2566"]
[BlackElo "2688"]
[EventDate "2013.01.12"]

1. d4 d5 2. c4 c6 3. Nf3 Nf6 4. Nc3 a6 5. c5 Bf5 6. Bf4 Nbd7 7. Qb3 Qc8 8.
h3 e6 9. e3 Be7 10. Be2 O-O 11. O-O Ne4 12. Rad1 Bd8 13. Ne5 Nxe5 14. Bxe5
Bc7 15. Bxc7 Qxc7 16. Bd3 Nf6 17. Bxf5 exf5 18. Qc2 g6 19. b4 Rfe8 20. Rfe1
Re7 21. Ne2 Nh5 22. a4 Rae8 23. g3 Qc8 24. Kg2 g5 25. Qd2 Qe6 26. Nc3 Qg6
27. Kh2 Nf6 28. Rb1 h5 29. b5 axb5 30. axb5 Kg7 31. bxc6 bxc6 32. Rg1 Ne4
33. Nxe4 Rxe4 34. Rb3 Qf6 35. f3 R4e6 36. f4 1/2-1/2

[Event "Tata Steel 2013 - B"]
[Site "Wijk aan Zee"]
[Date "13.01.2013"]
[Round "2B"]
[White "Naiditsch,A"]
[Black "Tiviakov,S"]
[Result "0-1"]
[WhiteElo "2708"]
[BlackElo "2655"]
[EventDate "2013.01.12"]

1. d4 Nf6 2. c4 e6 3. Nf3 b6 4. g3 Bb4+ 5. Bd2 Be7 6. Bg2 c6 7. Na3 O-O 8.
O-O d5 9. Rc1 Nbd7 10. cxd5 cxd5 11. Qa4 Bb7 12. Bf4 Ne8 13. Nb5 a6 14. Nc7
b5 15. Qb3 g5 16. Nxg5 Bxg5 17. Bxg5 Qxg5 18. Nxa8 Bxa8 19. a4 Qd8 20. axb5
Qb6 21. Qa3 Qxb5 22. e3 Qb6 23. Rc2 Nd6 24. Rfc1 Re8 25. Bf1 Nc4 26. Bxc4
dxc4 27. Rxc4 Qb7 28. d5 Ne5 29. Rc5 exd5 30. Qa4 Rf8 31. Rc7 Qxb2 32. Rc8
Bb7 33. R8c2 Qb6 34. Qf4 Qe6 35. Rc7 Ba8 36. Qg5+ Ng6 37. h4 d4 38. h5 Qe4
39. Kf1 d3 0-1

[Event "Tata Steel 2013 - B"]
[Site "Wijk aan Zee"]
[Date "14.01.2013"]
[Round "3B"]
[White "Turov,M"]
[Black "Naiditsch,A"]
[Result "0-1"]
[WhiteElo "2630"]
[BlackElo "2708"]
[EventDate "2013.01.12"]

1. c4 e5 2. Nc3 Nf6 3. e3 Nc6 4. a3 d5 5. cxd5 Nxd5 6. Qc2 Nxc3 7. Qxc3 Bd6
8. b4 O-O 9. Bb2 a6 10. Nf3 Qe7 11. Bc4 Kh8 12. Bd5 f6 13. O-O a5 14. b5
Na7 15. Bc4 Bd7 16. Qb3 a4 17. Qxa4 e4 18. Ne1 Nxb5 19. Qb3 Na7 20. f3 Nc6
21. Bd5 f5 22. f4 Ra5 23. Bc3 Rc5 24. a4 Na5 25. Bxa5 Rxa5 26. Qxb7 Bb5 27.
Rf2 Qf6 28. Ra2 Ba6 29. Qb3 Rc5 30. Rc2 Qa1 31. Rf1 Rxc2 32. Qxc2 Bxf1 33.
Kxf1 Rb8 34. Kf2 Rb2 35. Qc3 Bb4 36. Qc6 Rxd2+ 37. Kg3 Qxe1+ 38. Kh3 Qxe3+
39. g3 Qc5 0-1

[Event "Tata Steel 2013 - B"]
[Site "Wijk aan Zee"]
[Date "14.01.2013"]
[Round "3B"]
[White "Dubov,Danii"]
[Black "Ipatov,Alexander"]
[Result "1/2-1/2"]
[WhiteElo "2600"]
[BlackElo "2587"]
[EventDate "2013.01.12"]

1. d4 d5 2. c4 e6 3. Nc3 Be7 4. cxd5 exd5 5. Bf4 Nf6 6. e3 Bf5 7. Nge2 O-O
8. Ng3 Be6 9. Bd3 c5 10. O-O Nc6 11. dxc5 Bxc5 12. Rc1 d4 13. Nb5 Bb6 14.
exd4 Nxd4 15. Bc7 Bxc7 16. Nxc7 Rc8 17. Nxe6 Rxc1 18. Qxc1 Nxe6 19. Bc4 Qa5
20. Qe3 Qc5 21. Qxc5 Nxc5 22. Rc1 Ne6 23. Nf5 Rd8 24. Ne3 Rc8 25. Rc2 Kf8
26. Kf1 g6 27. Ke1 Ke7 28. h4 Rc5 29. Bb3 Rxc2 30. Bxc2 Nd4 31. Bd3 Nd7 32.
Kd2 Nc5 33. Bc4 f5 34. Bd5 f4 35. Nd1 1/2-1/2

[Event "Tata Steel 2013 - B"]
[Site "Wijk aan Zee"]
[Date "14.01.2013"]
[Round "3B"]
[White "Ernst,S"]
[Black "Rapport,R"]
[Result "0-1"]
[WhiteElo "2556"]
[BlackElo "2621"]
[EventDate "2013.01.12"]

1. d4 Nf6 2. c4 c5 3. d5 g6 4. Nc3 Bg7 5. e4 O-O 6. Nf3 e6 7. Bd3 exd5 8.
cxd5 d6 9. h3 Bd7 10. Bf4 Re8 11. O-O b5 12. a3 b4 13. axb4 cxb4 14. Nb5
Nxe4 15. Nxd6 Nxd6 16. Bxd6 Qb6 17. Bg3 Bxb2 18. Qd2 Bc3 19. Qh6 Bg7 20.
Qh4 a5 21. d6 Qd8 22. Qc4 Be6 23. Qb5 Nd7 24. Rac1 Rb8 25. Qa4 Bc3 26. Bh4
f6 27. Rxc3 bxc3 28. Qc2 Bf7 29. Qxc3 Rb3 30. Qd2 Qb6 31. Bc2 Rb2 32. Qc3
Rb4 33. Qa1 Re2 34. Rc1 Rxh4 35. Nxh4 Qxf2+ 36. Kh1 Rxc2 0-1

[Event "Tata Steel 2013 - B"]
[Site "Wijk aan Zee"]
[Date "17.01.2013"]
[Round "5B"]
[White "Ernst,S"]
[Black "Van Kampen,R"]
[Result "0-1"]
[WhiteElo "2556"]
[BlackElo "2581"]
[EventDate "2013.01.12"]

1. d4 Nf6 2. c4 g6 3. Nc3 d5 4. cxd5 Nxd5 5. e4 Nxc3 6. bxc3 Bg7 7. Bg5 c5
8. Rc1 O-O 9. d5 Qd6 10. Qd2 Nd7 11. Nf3 e6 12. dxe6 Qxe6 13. Bd3 Nf6 14.
Qe2 Re8 15. Nd2 Qxa2 16. O-O Bg4 17. Qe3 Rad8 18. f3 Be6 19. Bb5 Bd7 20.
Bc4 Qa4 21. Ra1 Qc6 22. Rxa7 b5 23. Be2 c4 24. Qf2 Ra8 25. Rfa1 Rxa7 26.
Qxa7 Bc8 27. Nf1 Nd7 28. Rc1 f5 29. Ng3 Nc5 30. Be3 Bf8 31. Kh1 Bb7 32. Qa2
fxe4 33. fxe4 Nxe4 34. Bf3 Qe6 35. Ne2 Ng3+ 36. Nxg3 Qxe3 37. Rf1 Bxf3 38.
gxf3 Qxc3 39. Ne4 Qd3 40. Kg2 Bg7 41. Qa6 Qd5 42. Re1 Rf8 43. Qb6 c3 44.
Qc7 Qa2+ 45. Kg3 Qf7 46. Qxf7+ Rxf7 47. Nd6 b4 0-1

[Event "Tata Steel 2013 - B"]
[Site "Wijk aan Zee"]
[Date "17.01.2013"]
[Round "5B"]
[White "Dubov,Danii"]
[Black "Timman,J"]
[Result "1-0"]
[WhiteElo "2600"]
[BlackElo "2566"]
[EventDate "2013.01.12"]

1. d4 Nf6 2. c4 e6 3. Nc3 Bb4 4. Qc2 d5 5. a3 Bxc3+ 6. Qxc3 O-O 7. Bg5 dxc4
8. Qxc4 b6 9. Nf3 Ba6 10. Qa4 Qd7 11. Qc2 Qc6 12. Qxc6 Nxc6 13. Rc1 Bb7 14.
e3 Rfc8 15. Bd3 Nb8 16. Bxf6 gxf6 17. Ke2 Nd7 18. Rhd1 Kf8 19. Bb5 c6 20.
Ba4 a5 21. Bc2 Ke7 22. Bd3 f5 23. Rc2 c5 24. Rdc1 h6 25. Bb5 cxd4 26. Rc7
Rxc7 27. Rxc7 Bc8 28. exd4 Kd8 29. Rc6 Nb8 30. Rc4 Bd7 31. Bxd7 Nxd7 32. d5
Ke7 33. Rc6 Kf6 34. dxe6 fxe6 35. Nd4 Ke5 36. Nb5 Nc5 37. Nc7 Ra7 38. g3 f4
39. gxf4+ Kf5 40. Kf3 a4 41. Nb5 Rd7 42. Nd6+ Kf6 43. Rxb6 Ke7 44. Nc4 Rd3+
45. Ne3 Rd2 46. f5 exf5 47. Nxf5+ Kd7 48. Nxh6 Nb3 49. Rb4 Rxb2 50. Rxa4
Nc5 51. Ra7+ Ke6 52. Ng4 Rb3+ 53. Ne3 1-0

[Event "Tata Steel 2013 - B"]
[Site "Wijk aan Zee"]
[Date "17.01.2013"]
[Round "5B"]
[White "Grandelius,N"]
[Black "Ipatov,Alexander"]
[Result "1-0"]
[WhiteElo "2572"]
[BlackElo "2587"]
[EventDate "2013.01.12"]

1. e4 c5 2. Nf3 Nc6 3. d4 cxd4 4. Nxd4 Nf6 5. Nc3 d6 6. Bg5 g6 7. Bxf6 exf6
8. Bc4 Bg7 9. Ndb5 O-O 10. Qxd6 f5 11. O-O-O Qb6 12. f4 fxe4 13. Nd5 Qa5
14. Nf6+ Kh8 15. Nc7 Be6 16. Bxe6 fxe6 17. Nxa8 Qxa2 18. Nc7 Qa1+ 19. Kd2
Qxb2 20. Nce8 Nd4 21. Nxg7 Rc8 22. Ke3 Qc3+ 23. Rd3 exd3 24. Qxd4 Qxc2 25.
Re1 d2 26. Qxd2 Qb3+ 27. Ke4 Rc4+ 28. Ke5 Rc5+ 29. Kd6 Qb6+ 30. Ke7 Rc7+
31. Nd7 Kxg7 32. Rxe6 Qc5+ 33. Qd6 Qc4 34. Qe5+ Kg8 35. Kf6 Rc6 36. Qb8+
Rc8 37. Re8+ 1-0

[Event "Tata Steel 2013 - B"]
[Site "Wijk aan Zee"]
[Date "17.01.2013"]
[Round "5B"]
[White "Smeets,J"]
[Black "Naiditsch,A"]
[Result "0-1"]
[WhiteElo "2615"]
[BlackElo "2708"]
[EventDate "2013.01.12"]

1. e4 e6 2. d4 d5 3. Nc3 Bb4 4. exd5 exd5 5. Bd3 Nf6 6. a3 Be7 7. h3 Nbd7
8. Nf3 c5 9. O-O O-O 10. Bf4 a6 11. Re1 Re8 12. Qd2 c4 13. Be2 b5 14. Ne5
Bb7 15. Bf3 Nf8 16. Ng4 Ne4 17. Bxe4 dxe4 18. Rad1 f5 19. Ne5 Ne6 20. Be3
Bf6 21. a4 Nc7 22. axb5 axb5 23. Qe2 Rc8 24. Ra1 Ne6 25. Ra7 Re7 26. Qd2 b4
27. Ne2 c3 28. bxc3 bxc3 29. Qc1 g5 30. g3 Rg7 31. Kh2 f4 32. gxf4 gxf4 33.
Bxf4 Nxd4 34. Rd1 Bxe5 35. Nxd4 Qg5 0-1